000 01019nmm a2200301 a 4500
001 ocm0001732574
003 TR-IsHL
005 20201028171118.0
008 180219s2017 tu tur
007 cr cn
020 _a9786052259061
035 _a1732574
_b(N$T)
050 0 4 _aB2193.B47
_bİ55 2017
090 0 4 _aB2193.B47
_bİ55 2017
100 1 _aİlik, Yunus
245 1 0 _aBütünsel bakışla canlılık II: madde ve enerji, beden ve ruh ilişkisi
_h[electronic resource] /
_cYunus İlik
250 _aBirinci basım
260 _aİstanbul :
_be-Kitap Projesi & Cheapest Books,
_c2017
300 _a130 p.
650 4 _aFelsefe, Psikoloji ve Din
650 4 _aPhilosophy, Psychology and Religion
650 0 _aRuh
_x Felsefe
650 0 _aSpirit
_x Philosophy
650 0 _aMadde
_x Felsefe
650 0 _aMatter
_x Philosophy
650 7 _aBODY, MIND & SPIRIT / Occultism
_2bisacsh
856 4 0 _uhttp://search.ebscohost.com/login.aspx?direct=true&scope=site&db=e011xww&AN=1732574
999 _c16619
_d16619